01598nam a2200373 a 4500001001000000003000500010005001700015008004100032010001100073011001100084040000900095090001000104100004300114245016400157260004100321500006000362502008000422590003700502590004000539590004000579590004000619650003300659650003800692650004600730650005400776856001600830856007000846901000700916942001000923942000600933999001900939952013100958952013501089000114395CHAP20220329144439.0180118s2017 mx a fsm |||||||spa d a110856 a111828 cCHAP aTesis1 aBenítez Andrade, Diana Laura913441310aCaracterización de aislados de Rhizoctonia asociados con la pudrición basal de lechuga (Lactuca sativa) /h[En línea]cpor Diana Laura Benítez Andrade. aChapingo, Méx. :bEl autor,c2017. aPara ver el contenido del material haga clic en la liga aTesis ( Agr. en Horticultura Protegida) -- UACH. Departamento de Fitotecnia aBATCHb00c20181121lUCH01h0759 aE8697GMMb05c20180118lUCH01h1410 aE8697GMMb05c20180118lUCH01h1413 aE8697GMMb05c20180118lUCH01h143614aLechugaxCrecimiento.96545614aLechugaxCultivozBrasil.913441714aLechugaxEnfermedades por hongos.913441514aRhizoctoniaxFisiología y morfología.9134416 a1 n0000911 aFinding aiduhttp://10.13.5.2/tesis/sist114395.pdfzTeclea aquí aBK cTESIS n0 c110856d110856 00104054718TESISaBCbBCd2018-01-18fTESISl0oTesisp114395-10r2019-12-31 00:00:00w2019-12-31yTESISzRecien adquirido 00102local4053708TESISaBCbBCcPA_TESISd2018-01-18fTESISl0oTesisp114395-20r2019-12-31 00:00:00tc.2w2019-12-31yTESIS